00617nam a2200145 a 450000100100000000500170001000800410002704000250006824501100009326000540020330000210025704900090027895201670028799900170045400003277020200930065825.0110726s1923 dr 000 0 spa d aDO-SdBNPbspacBNPHU00aInforme que el secretario de sanidad y beneficencia presenta al presidente provisional de la República. aSanto Domingo :bImp. J. R. vda. García,c1923. a108 p. ;c27 cm. aBNPD 001050718RVaPDbPDcCTd2011-07-26iLF1l0o p32770-10r2020-06-25w2020-06-25y1zPerteneció a la biblioteca personal de Julio Ortega Frier.ZNo se presta c32261d32261